000 00608nam a2200193Ia 4500
005 20250923144643.0
008 008 250917s9999 xx 000 0 eng d
037 _aTextual
040 _aDSWL
_beng
_cDSWL
041 _aeng
_2eng
084 _aYX,Z2-zI.2'N5t`, N55
_qDSWL
245 0 _aSeventh report of the children department, Nov.1957 (HMSO)
_cby Her Majestys Stationary Office
260 _aLondon
_b Her Majestys Stationary Office
_c1955
300 _avii,158p.
365 _aINR
_b4.80
925 _g4.80
942 _cTEXL
_hYX,Z2-zI.2'N5t`, N55
999 _c1441654
_d1441654